<?xml version="1.0" encoding="UTF-8"?>
<record
    xmlns:xsi="http://www.w3.org/2001/XMLSchema-instance"
    xsi:schemaLocation="http://www.loc.gov/MARC21/slim http://www.loc.gov/standards/marcxml/schema/MARC21slim.xsd"
    xmlns="http://www.loc.gov/MARC21/slim">

  <leader>01265nam a22001697a 4500</leader>
  <controlfield tag="008">190322b        xxu||||| |||| 00| 0 eng d</controlfield>
  <datafield tag="022" ind1=" " ind2=" ">
    <subfield code="a">0304-405X</subfield>
  </datafield>
  <datafield tag="245" ind1=" " ind2=" ">
    <subfield code="a">An intertemporal CAPM with stochastic volatility / by John Y. Campbell, Stefano Giglio, Christopher Polk, Robert Turley</subfield>
    <subfield code="c">John Y. Campbell, Stefano Giglio, Christopher Polk, Robert Turley</subfield>
  </datafield>
  <datafield tag="260" ind1=" " ind2=" ">
    <subfield code="a">Amsterdam</subfield>
    <subfield code="b">Elsevier</subfield>
    <subfield code="c">May 2018</subfield>
  </datafield>
  <datafield tag="300" ind1=" " ind2=" ">
    <subfield code="a">Pages 207-233</subfield>
  </datafield>
  <datafield tag="440" ind1=" " ind2=" ">
    <subfield code="a">Journal of Financial Economics</subfield>
    <subfield code="v">128 (2)</subfield>
    <subfield code="x">0304-405X</subfield>
  </datafield>
  <datafield tag="500" ind1=" " ind2=" ">
    <subfield code="a">Abstract
This paper studies the pricing of volatility risk using the first-order conditions of a long-term equity investor who is content to hold the aggregate equity market instead of overweighting value stocks and other equity portfolios that are attractive to short-term investors. We show that a conservative long-term investor will avoid such overweights to hedge against two types of deterioration in investment opportunities: declining expected stock returns and increasing volatility. We present novel evidence that low-frequency movements in equity volatility, tied to the default spread, are priced in the cross section of stock returns.</subfield>
  </datafield>
  <datafield tag="690" ind1=" " ind2=" ">
    <subfield code="a">Volatility risk</subfield>
  </datafield>
  <datafield tag="690" ind1=" " ind2=" ">
    <subfield code="a">Volatility risk</subfield>
  </datafield>
  <datafield tag="690" ind1=" " ind2=" ">
    <subfield code="a">Stock returns</subfield>
  </datafield>
  <datafield tag="942" ind1=" " ind2=" ">
    <subfield code="2">lcc</subfield>
    <subfield code="c">SE</subfield>
  </datafield>
  <datafield tag="999" ind1=" " ind2=" ">
    <subfield code="c">361350</subfield>
    <subfield code="d">361350</subfield>
  </datafield>
  <datafield tag="952" ind1=" " ind2=" ">
    <subfield code="0">0</subfield>
    <subfield code="1">0</subfield>
    <subfield code="2">lcc</subfield>
    <subfield code="4">0</subfield>
    <subfield code="a">CL</subfield>
    <subfield code="b">CL</subfield>
    <subfield code="c">PER</subfield>
    <subfield code="d">2019-03-22</subfield>
    <subfield code="l">0</subfield>
    <subfield code="r">2019-03-22 00:00:00</subfield>
    <subfield code="w">2019-03-22</subfield>
    <subfield code="y">SE</subfield>
  </datafield>
</record>
